| 000 | 01819cam a22005054i 4500 | ||
|---|---|---|---|
| 003 | PE-LiUPU | ||
| 005 | 20250731180159.0 | ||
| 008 | 150616s r 000 0 d | ||
| 040 |
_aPE-LiUPU _bspa _cPE-LiUPU _erda |
||
| 049 | _aPRUA | ||
| 082 | 0 | 4 |
_a579.885 _bA184a _221 |
| 100 | 1 | 0 |
_aAcleto Osorio, César _eautor. _93680 |
| 245 | 0 | 0 |
_aAlgas marinas del Perú de importancia económica / _cCésar Acleto Osorio. |
| 264 | 1 |
_aLima : _bUniversidad Nacional Mayor de San Marcos, _c1971. |
|
| 300 |
_a85 páginas : _bilustraciones, dibujos ; _c25 centímetros. |
||
| 336 |
_atext _2rdacontent |
||
| 337 |
_aunmediated _2rdamedia |
||
| 338 |
_avolume _2rdacarrier |
||
| 490 |
_a(Serie de divulgación ; _vN° 5) |
||
| 504 | _aIncluye bibliografía. | ||
| 505 | 0 | _aAntecedentes -- Material y métodos -- Usos diversos de las algas -- En la alimentación -- Como forraje -- Como fertilizantes y mejoradores de suelos -- Usos medicinales -- Como recurso industrial (Agar agar, carragenina y alginatos) -- Conclusiones y sugerencias. | |
| 526 | _aSEG44 | ||
| 526 | _aSEG26 | ||
| 526 | _aP159 | ||
| 526 | _aP155 | ||
| 526 | _aP154 | ||
| 526 | _aP153 | ||
| 526 | _aP150 | ||
| 526 | _aP100 | ||
| 526 | _aP31 | ||
| 526 | _aP30 | ||
| 526 | _aP26 | ||
| 526 | _aP25 | ||
| 526 | _aP24 | ||
| 526 | _aP22 | ||
| 526 | _aP15 | ||
| 526 | _aP10 | ||
| 650 | 1 | 8 |
_aAlgas marinas _zPerú. _93681 |
| 700 | 1 |
_aRodríguez Vidal, Pedro A., _ecoordinador. |
|
| 910 | _ajck | ||
| 942 |
_2ddc _cBK |
||
| 949 |
_a359.4885 H 1 _wDEWEY _c1 _i13998 _lCCODEBUL1 _mBUL _p00.00 _r0 _sY _tBOOK _u19750805 _xEDUCACION _0COMPRA _o.STAFF. Colección General |
||
| 980 |
_618226 _aJaime Vilcazán Jefe de Análisis Documental _81 _gALBERTO SANCHEZ Responsable de Automatización |
||
| 999 |
_c62270 _d62269 |
||